000 00637cam a22002053a 4500
001 40825
003 PGUSA
005 20140828083919.0
008 120922s2012||||xxu|||||s|||||000 | eng d
040 _aPGUSA
_beng
042 _adc
100 1 _aVinycomb, John
245 1 0 _aFictitious and Symbolic Creatures in Art :
_bWith Special Reference to Their Use in British Heraldry
_h[electronic resource] /
_cJohn Vinycomb
260 _bProject Gutenberg,
_c2012
506 _aPublic domain in the USA.
516 _aElectronic text
830 0 _aProject Gutenberg
_v40825
856 4 0 _uhttp://www.gutenberg.org/ebooks/40825
942 _cEB
999 _c270077
_d270077